00411nam a2200145Ia 450000500170000000800410001702000150005808200210007324500580009426000520015230000160020465000100022065000160023070000190024620250109001857.0240331s9999 xx 000 0 und d a0195061586 bIRE22187a305.3 0aPersistent Inequalities:bWomen and World Development aNew YorkaOxfordbOxford University Pressc1990 axi, 302 p., aWomen aDevelopment aTinker, Ieedt